00554 a2200181 450000100060000002000150000604000240002110000260004524000150007124500100008630000060009636200090010265000310011194200070014295201030014995201030025299900170035544672 a8585923105 cAnchieta - Aquarius aGouveia, Luis Augusto10aLucaslpor10aLucas a 0 a1997 4aLiteratura infanto-juvenil cBK 00104070a87.1b87.1d2023-11-21l0o028.5 GOU LUCp951/AQUr2023-11-21 15:10:31w2023-11-21yBK 00104070a87.1b87.1d2023-11-21l0o028.5 GOU LUCp952/AQUr2023-11-21 15:10:31w2023-11-21yBK c44672d44672